El fanatismo católico. Absurdos, Mentiras y Crímenes.

Збережено в:
Бібліографічні деталі
Автор: Lezama, Antonio de (autor)
Формат: Книга
Мова:Англійська
Опубліковано: Santiago, Chile: Ediciones Chamonde, 1961.
Предмети:
Теги: Додати тег
Немає тегів, Будьте першим, хто поставить тег для цього запису!

MARC

LEADER 00000nam a22000007a 4500
003 CL-VaPUC
005 20220822114444.0
008 220328t1961 ||||| |||| 00| 0 eng d
999 |c 435157  |d 435155 
040 |c Pontificia Universidad Católica de Valparaíso 
082 7 |a 261 LEZ 1961  |2 22 
100 |a Lezama, Antonio de  |9 867747  |e autor 
245 |a El fanatismo católico.   |b Absurdos, Mentiras y Crímenes.  
260 |a Santiago, Chile:   |b Ediciones Chamonde,   |c 1961. 
300 |a 282 páginas.  
500 |a c.1 Donación Familia Prof. Alejandro Guzmán Brito. 
505 |a Capítulos: - I. El papa que murió de parto. - II. Tres víctimas del fanatismo: Galileo Galilei, Giordano Bruno y Miguel Servet. - III. El escandaloso tráfico de las reliquias. - IV. La infalibilidad papal. - V. La obscena inmoralidad de la doctrina de San Alfonso de Ligorio. - VI. La teocracia. - VII. La compañía de Jesús o el Imperio universal. 
583 |c 20220328  |k Yessy Stephany Diaz Vidal 
650 |a Iglesia católica   |x Obras polémicas   |9 872579 
942 |2 ddc  |c BK  |n 0 
952 |0 0  |1 0  |2 ddc  |4 0  |6 261_000000000000000_LEZ_1961  |7 0  |8 C_AGB  |9 582191  |a BIBDER  |b BIBDER  |d 2022-03-28  |e Donación   |i 5650411  |o 261 LEZ 1961  |p 5650411  |r 2023-01-25  |t 1  |w 2022-03-28  |y BK_US  |k AGB